Psychologie práce a její užití
Saved in:
| Main Author: | |
|---|---|
| Format: | Book |
| Language: | Czech |
| Published: |
Praha
Práce
1967
|
| Series: | Knižnice ekonomiky práce
sv. 20 |
| Tags: |
No Tags, Be the first to tag this record!
|
MARC
| LEADER | 00000nam a2200000 4500 | ||
|---|---|---|---|
| 001 | c122603 | ||
| 005 | 20221207070502.1 | ||
| 041 | 0 | |a cze | |
| 044 | |a CZ | ||
| 245 | 1 | 0 | |a Psychologie práce a její užití |c Zbyněk Bureš |
| 264 | 1 | |a Praha |b Práce |c 1967 | |
| 300 | |a 229 s. | ||
| 490 | 1 | |a Knižnice ekonomiky práce |v sv. 20 | |
| 830 | 0 | |a Knižnice ekonomiky práce |v sv. 20 | |
| 100 | 1 | |a Bureš, Zbyněk | |